20 häufigste Verben (Gesamt) - Statistiken

Allgemein
  • Dieses Quiz wurde 36 mal gespielt
  • Das Durchschnittsergebnis liegt bei 9 aus 20
Antwortstatistiken
Rang Wort % Korrekt
11. gehen
93%
12. machen
83%
2. haben
79%
3. werden
66%
4. können
62%
1. sein
62%
5. sagen
59%
15. sehen
59%
6. müssen
55%
9. wollen
55%
8. geben
48%
7. sollen
38%
20. dürfen
34%
18. liegen
31%
13. stehen
31%
10. kommen
24%
14. lassen
17%
16. finden
14%
17. bleiben
7%
19. zeigen
7%
Keine übereinstimmenden Quizze gefunden
Verteilung der Resultate
Anzahl Personen mit jedem Resultat
Perzentil nach korrekt beantworteten Fragen
Ihre Resultats-Entwicklung
Sie haben dieses Quiz noch nicht gespielt